[Event "Blitz 2018"]
[Site "Saint-Petersburg"]
[Date "2018.12.30"]
[Round "18"]
[Board "60"]
[White "Alekseev Evgeny (RUS)"]
[Black "Drygalov Andrey (RUS)"]
[Result "1/2-1/2"]
[LiveChessVersion "1.4.8"]
[BlackElo "2509"]
[WhiteElo "2634"]

1. e4 {[%clk 0:03:03]} c5 {[%clk 0:03:02]} 2. Nf3 e6 3. d4 {[%clk 0:03:02]} cxd4
{[%clk 0:03:03]} 4. Nxd4 {[%clk 0:03:03]} a6 {[%clk 0:03:05]} 5. Bd3
{[%clk 0:03:02]} Nf6 {[%clk 0:03:02]} 6. O-O {[%clk 0:03:01]} Qc7
{[%clk 0:03:03]} 7. Qe2 {[%clk 0:02:59]} d6 {[%clk 0:03:04]} 8. c4
{[%clk 0:02:58]} g6 {[%clk 0:03:05]} 9. Nc3 {[%clk 0:02:55]} Bg7 {[%clk 0:03:05]}
10. Nf3 {[%clk 0:02:52]} O-O {[%clk 0:03:05]} 11. Bf4 {[%clk 0:02:50]} Nh5
{[%clk 0:03:04]} 12. Bd2 {[%clk 0:02:49]} Nd7 {[%clk 0:03:04]} 13. Rac1
{[%clk 0:02:47]} b6 {[%clk 0:03:05]} 14. Rfd1 {[%clk 0:02:43]} Bb7
{[%clk 0:03:06]} 15. Be3 {[%clk 0:02:35]} Rac8 {[%clk 0:02:58]} 16. b3
{[%clk 0:02:28]} Rfe8 {[%clk 0:02:48]} 17. Qd2 {[%clk 0:02:15]} b5
{[%clk 0:02:35]} 18. Bd4 {[%clk 0:02:06]} b4 {[%clk 0:02:26]} 19. Bxg7
{[%clk 0:01:55]} Kxg7 {[%clk 0:02:19]} 20. Na4 {[%clk 0:01:37]} Nc5
{[%clk 0:02:16]} 21. Nxc5 {[%clk 0:01:35]} dxc5 {[%clk 0:02:16]} 22. Qe3
{[%clk 0:01:32]} Nf4 {[%clk 0:01:58]} 23. Bf1 {[%clk 0:01:22]} e5
{[%clk 0:01:53]} 24. g3 {[%clk 0:01:17]} Ne6 {[%clk 0:01:35]} 25. Bh3
{[%clk 0:01:17]} Nd4 {[%clk 0:01:16]} 26. Bxc8 {[%clk 0:01:14]} Qxc8
{[%clk 0:01:15]} 27. Nd2 {[%clk 0:01:02]} h5 {[%clk 0:00:56]} 28. f3
{[%clk 0:00:52]} a5 {[%clk 0:00:52]} 29. Kg2 {[%clk 0:00:51]} Qc6
{[%clk 0:00:47]} 30. Rb1 {[%clk 0:00:34]} a4 {[%clk 0:00:42]} 31. Nf1
{[%clk 0:00:34]} f5 {[%clk 0:00:41]} 32. Nd2 {[%clk 0:00:34]} Nc2
{[%clk 0:00:12]} 33. Qg5 {[%clk 0:00:30]} Qf6 {[%clk 0:00:12]} 34. Qxf6+
{[%clk 0:00:28]} Kxf6 {[%clk 0:00:13]} 35. Kf2 {[%clk 0:00:28]} Ra8
{[%clk 0:00:09]} 36. Rb2 {[%clk 0:00:19]} Nd4 {[%clk 0:00:10]} 37. Ke3
{[%clk 0:00:19]} Rd8 {[%clk 0:00:09]} 38. Rc1 {[%clk 0:00:15]} Bc6
{[%clk 0:00:10]} 39. Rbb1 {[%clk 0:00:13]} Ra8 {[%clk 0:00:11]} 40. Rb2
{[%clk 0:00:14]} Rd8 {[%clk 0:00:13]} 41. Kf2 {[%clk 0:00:14]} Ra8
{[%clk 0:00:13]} 42. Re1 {[%clk 0:00:14]} Rd8 {[%clk 0:00:12]} 43. Ke3
{[%clk 0:00:12]} a3 {[%clk 0:00:13]} 44. Rbb1 {[%clk 0:00:13]} Nc2+
{[%clk 0:00:15]} 45. Ke2 {[%clk 0:00:14]} Nxe1 {[%clk 0:00:15]} 46. Rxe1
{[%clk 0:00:15]} Rd4 {[%clk 0:00:14]} 47. Ke3 {[%clk 0:00:16]} Rd8
{[%clk 0:00:11]} 48. Rf1 {[%clk 0:00:16]} 1/2-1/2

[Event "Blitz 2018"]
[Site "Saint-Petersburg"]
[Date "2018.12.30"]
[Round "18"]
[Board "61"]
[White "Sanal Vahap (TUR)"]
[Black "Gasanov Eldar (UKR)"]
[Result "0-1"]
[LiveChessVersion "1.4.8"]
[BlackElo "2581"]
[WhiteElo "2488"]

1. e4 {[%clk 0:02:56]} c5 {[%clk 0:02:59]} 2. Nf3 {[%clk 0:02:56]} Nc6
{[%clk 0:03:00]} 3. d4 {[%clk 0:02:56]} cxd4 {[%clk 0:03:00]} 4. Nxd4
{[%clk 0:02:57]} Nf6 {[%clk 0:03:00]} 5. Nc3 {[%clk 0:02:57]} g6 {[%clk 0:03:01]}
6. Nxc6 {[%clk 0:02:52]} dxc6 {[%clk 0:03:01]} 7. Qxd8+ {[%clk 0:02:53]} Kxd8
{[%clk 0:03:01]} 8. Bf4 {[%clk 0:02:53]} Be6 {[%clk 0:03:00]} 9. O-O-O+
{[%clk 0:02:52]} Kc8 {[%clk 0:02:52]} 10. f3 {[%clk 0:02:44]} Bg7
{[%clk 0:02:47]} 11. Na4 {[%clk 0:02:45]} Nd7 {[%clk 0:02:44]} 12. c4
{[%clk 0:02:36]} Rd8 {[%clk 0:02:31]} 13. Be2 {[%clk 0:02:37]} c5
{[%clk 0:01:41]} 14. Kc2 {[%clk 0:02:24]} b6 {[%clk 0:01:28]} 15. Rd2
{[%clk 0:02:20]} Ne5 {[%clk 0:01:26]} 16. b3 {[%clk 0:02:12]} Nc6
{[%clk 0:01:23]} 17. Rxd8+ {[%clk 0:02:09]} Kxd8 {[%clk 0:01:23]} 18. Rd1+
{[%clk 0:02:03]} Ke8 {[%clk 0:01:23]} 19. Kb1 {[%clk 0:01:59]} Nd4
{[%clk 0:01:12]} 20. Bf1 {[%clk 0:01:59]} Rd8 {[%clk 0:01:13]} 21. Be3
{[%clk 0:01:48]} f5 {[%clk 0:01:09]} 22. Bd3 {[%clk 0:01:45]} Kf7
{[%clk 0:01:06]} 23. Nb2 {[%clk 0:01:41]} Nc6 {[%clk 0:00:54]} 24. Bc2
{[%clk 0:01:17]} Rxd1+ {[%clk 0:00:54]} 25. Nxd1 {[%clk 0:01:18]} Bd4
{[%clk 0:00:50]} 26. Kc1 {[%clk 0:01:09]} Bxe3+ {[%clk 0:00:49]} 27. Nxe3
{[%clk 0:01:09]} Nd4 {[%clk 0:00:51]} 28. exf5 {[%clk 0:01:07]} gxf5
{[%clk 0:00:52]} 29. Kd2 {[%clk 0:01:05]} Bd7 {[%clk 0:00:43]} 30. f4
{[%clk 0:01:06]} e6 {[%clk 0:00:40]} 31. Bd1 {[%clk 0:01:04]} Kf6
{[%clk 0:00:40]} 32. g3 {[%clk 0:01:04]} Bc6 {[%clk 0:00:39]} 33. Nc2
{[%clk 0:00:57]} e5 {[%clk 0:00:36]} 34. Ke3 {[%clk 0:00:49]} Be4
{[%clk 0:00:34]} 35. Ne1 {[%clk 0:00:43]} Bb1 {[%clk 0:00:33]} 36. a3
{[%clk 0:00:38]} exf4+ {[%clk 0:00:25]} 37. gxf4 {[%clk 0:00:23]} Ba2
{[%clk 0:00:26]} 38. b4 {[%clk 0:00:17]} Bxc4 {[%clk 0:00:26]} 39. bxc5
{[%clk 0:00:17]} bxc5 {[%clk 0:00:27]} 40. Bh5 {[%clk 0:00:08]} Ke6
{[%clk 0:00:20]} 41. Be8 {[%clk 0:00:09]} Bb5 {[%clk 0:00:17]} 42. Bh5
{[%clk 0:00:09]} a5 {[%clk 0:00:14]} 43. h4 {[%clk 0:00:07]} Kd6 {[%clk 0:00:15]}
44. Bf7 {[%clk 0:00:08]} Bc6 {[%clk 0:00:15]} 45. h5 {[%clk 0:00:08]} Be4
{[%clk 0:00:16]} 46. h6 {[%clk 0:00:07]} Ne6 {[%clk 0:00:15]} 47. Bg6
{[%clk 0:00:05]} Nf8 {[%clk 0:00:14]} 48. Bf7 {[%clk 0:00:06]} Ke7
{[%clk 0:00:13]} 49. Bh5 {[%clk 0:00:05]} Kf6 {[%clk 0:00:13]} 50. Be8
{[%clk 0:00:05]} Ne6 {[%clk 0:00:12]} 51. Bd7 {[%clk 0:00:04]} Nd4
{[%clk 0:00:13]} 52. Be8 {[%clk 0:00:05]} Ne6 {[%clk 0:00:09]} 53. Bd7
{[%clk 0:00:06]} Nc7 {[%clk 0:00:09]} 54. Kd2 {[%clk 0:00:04]} Nd5
{[%clk 0:00:11]} 55. Be8 {[%clk 0:00:04]} Nxf4 {[%clk 0:00:12]} 56. Kc3
{[%clk 0:00:05]} Ne6 {[%clk 0:00:12]} 57. Kc4 {[%clk 0:00:03]} f4
{[%clk 0:00:11]} 58. Bh5 {[%clk 0:00:03]} Ke5 {[%clk 0:00:11]} 59. Kc3
{[%clk 0:00:04]} Nd4 {[%clk 0:00:11]} 60. Nd3+ {[%clk 0:00:04]} Bxd3
{[%clk 0:00:12]} 61. Kxd3 {[%clk 0:00:05]} f3 {[%clk 0:00:12]} 62. Ke3
{[%clk 0:00:05]} c4 {[%clk 0:00:13]} 63. Bg6 {[%clk 0:00:07]} c3 {[%clk 0:00:14]}
64. Bxh7 {[%clk 0:00:08]} Kf6 {[%clk 0:00:10]} 65. Bd3 {[%clk 0:00:08]} c2
{[%clk 0:00:11]} 66. Kd2 {[%clk 0:00:07]} a4 {[%clk 0:00:08]} 67. Kc1
{[%clk 0:00:05]} Kf7 {[%clk 0:00:08]} 68. Kd2 {[%clk 0:00:06]} Kg8
{[%clk 0:00:09]} 69. Be4 {[%clk 0:00:05]} Kf7 {[%clk 0:00:11]} 70. Bd3
{[%clk 0:00:06]} Kg8 {[%clk 0:00:12]} 71. Be4 {[%clk 0:00:07]} f2
{[%clk 0:00:13]} 72. Bd3 {[%clk 0:00:08]} Kf7 {[%clk 0:00:14]} 73. Kc1
{[%clk 0:00:07]} Kf6 {[%clk 0:00:14]} 74. Kd2 {[%clk 0:00:08]} Kf7
{[%clk 0:00:14]} 75. Kc1 {[%clk 0:00:09]} Kf8 {[%clk 0:00:16]} 76. Kd2
{[%clk 0:00:11]} Kg8 {[%clk 0:00:14]} 77. Kc1 {[%clk 0:00:12]} Kh8
{[%clk 0:00:15]} 78. Kd2 {[%clk 0:00:13]} Kg8 {[%clk 0:00:15]} 79. Kc1
{[%clk 0:00:15]} Kf7 {[%clk 0:00:17]} 80. Kd2 {[%clk 0:00:16]} Kf6
{[%clk 0:00:18]} 81. Kc1 {[%clk 0:00:17]} Nf3 {[%clk 0:00:16]} 82. Bb5
{[%clk 0:00:05]} Kg6 {[%clk 0:00:13]} 83. Be2 {[%clk 0:00:04]} Nd4
{[%clk 0:00:12]} 84. Bf1 {[%clk 0:00:03]} Kxh6 {[%clk 0:00:13]} 85. Kd2
{[%clk 0:00:04]} Kg5 {[%clk 0:00:13]} 0-1

[Event "Blitz 2018"]
[Site "Saint-Petersburg"]
[Date "2018.12.30"]
[Round "18"]
[Board "62"]
[White "Dzhumagaliev Yan (RUS)"]
[Black "Gabrielian Artur (RUS)"]
[Result "1-0"]
[LiveChessVersion "1.4.8"]
[BlackElo "2562"]
[WhiteElo "2489"]

1. Nf3 {[%clk 0:03:02]} c5 {[%clk 0:03:04]} 2. b3 {[%clk 0:03:03]} Nc6
{[%clk 0:03:03]} 3. Bb2 {[%clk 0:03:04]} Nf6 {[%clk 0:03:04]} 4. Rg1
{[%clk 0:03:05]} d6 {[%clk 0:03:02]} 5. h3 {[%clk 0:03:05]} e5 {[%clk 0:03:00]}
6. d3 {[%clk 0:03:06]} Be7 {[%clk 0:02:59]} 7. g4 {[%clk 0:03:06]} O-O
{[%clk 0:02:48]} 8. g5 {[%clk 0:03:07]} Nd5 {[%clk 0:02:29]} 9. e3
{[%clk 0:02:59]} Be6 {[%clk 0:02:28]} 10. h4 {[%clk 0:02:56]} Re8
{[%clk 0:02:27]} 11. h5 {[%clk 0:02:56]} Bf8 {[%clk 0:02:24]} 12. Nbd2
{[%clk 0:02:51]} b5 {[%clk 0:02:18]} 13. c4 {[%clk 0:02:50]} bxc4
{[%clk 0:02:15]} 14. dxc4 {[%clk 0:02:51]} Nb6 {[%clk 0:02:06]} 15. Bd3
{[%clk 0:02:40]} d5 {[%clk 0:02:01]} 16. cxd5 {[%clk 0:02:10]} Bxd5
{[%clk 0:01:56]} 17. Qb1 {[%clk 0:02:02]} g6 {[%clk 0:01:17]} 18. hxg6
{[%clk 0:02:03]} fxg6 {[%clk 0:01:16]} 19. Ne4 {[%clk 0:01:51]} Bxe4
{[%clk 0:01:17]} 20. Bxe4 {[%clk 0:01:51]} Qc7 {[%clk 0:01:17]} 21. Qc2
{[%clk 0:01:35]} Rad8 {[%clk 0:01:17]} 22. a3 {[%clk 0:01:35]} c4
{[%clk 0:00:32]} 23. bxc4 {[%clk 0:01:35]} Na5 {[%clk 0:00:28]} 24. c5
{[%clk 0:01:22]} Qxc5 {[%clk 0:00:26]} 25. Qxc5 {[%clk 0:01:21]} Bxc5
{[%clk 0:00:27]} 26. Nxe5 {[%clk 0:01:01]} Nac4 {[%clk 0:00:19]} 27. Nxc4
{[%clk 0:01:03]} Nxc4 {[%clk 0:00:16]} 28. Bf6 {[%clk 0:01:03]} Rd2
{[%clk 0:00:13]} 29. Bc6 {[%clk 0:00:56]} Re6 {[%clk 0:00:07]} 30. Bb5
{[%clk 0:00:33]} Rc2 {[%clk 0:00:07]} 31. Kd1 {[%clk 0:00:34]} Nxa3
{[%clk 0:00:07]} 32. Rxa3 {[%clk 0:00:32]} Rxf2 {[%clk 0:00:07]} 33. Rd3
{[%clk 0:00:24]} Kf8 {[%clk 0:00:03]} 34. Rd8+ {[%clk 0:00:21]} Re8
{[%clk 0:00:04]} 35. Rxe8+ {[%clk 0:00:21]} 1-0

[Event "Blitz 2018"]
[Site "Saint-Petersburg"]
[Date "2018.12.30"]
[Round "18"]
[Board "63"]
[White "Petrov Nikita (RUS)"]
[Black "Frolyanov Dmitry (RUS)"]
[Result "1/2-1/2"]
[LiveChessVersion "1.4.8"]
[BlackElo "2557"]
[WhiteElo "2468"]

1. e4 {[%clk 0:03:03]} e5 {[%clk 0:03:04]} 2. Bc4 {[%clk 0:03:03]} Nf6
{[%clk 0:03:04]} 3. d3 {[%clk 0:03:04]} c6 {[%clk 0:03:06]} 4. Nf3
{[%clk 0:03:05]} Be7 {[%clk 0:03:07]} 5. O-O {[%clk 0:03:03]} d6 {[%clk 0:03:09]}
6. a4 {[%clk 0:03:00]} Bg4 {[%clk 0:03:09]} 7. Nbd2 {[%clk 0:02:59]} Nbd7
{[%clk 0:03:10]} 8. h3 {[%clk 0:02:59]} Bh5 {[%clk 0:03:11]} 9. Re1
{[%clk 0:02:56]} Nc5 {[%clk 0:03:05]} 10. Nf1 {[%clk 0:02:47]} O-O
{[%clk 0:03:02]} 11. Ng3 {[%clk 0:02:48]} Bg6 {[%clk 0:03:03]} 12. b4
{[%clk 0:02:00]} Ne6 {[%clk 0:02:58]} 13. Bb3 {[%clk 0:01:43]} Qc7
{[%clk 0:02:53]} 14. Nh4 {[%clk 0:01:36]} Nd4 {[%clk 0:02:44]} 15. Ba2
{[%clk 0:01:37]} d5 {[%clk 0:02:34]} 16. c3 {[%clk 0:01:35]} Ne6 {[%clk 0:02:32]}
17. Nhf5 {[%clk 0:01:35]} dxe4 {[%clk 0:02:27]} 18. dxe4 {[%clk 0:01:33]} Kh8
{[%clk 0:02:20]} 19. a5 {[%clk 0:01:26]} Rfe8 {[%clk 0:02:15]} 20. Qf3
{[%clk 0:01:13]} Bf8 {[%clk 0:02:11]} 21. h4 {[%clk 0:01:13]} Nf4
{[%clk 0:01:59]} 22. Be3 {[%clk 0:00:50]} b6 {[%clk 0:01:52]} 23. Bc4
{[%clk 0:00:45]} b5 {[%clk 0:01:48]} 24. Bf1 {[%clk 0:00:36]} Rad8
{[%clk 0:01:47]} 25. Rad1 {[%clk 0:00:36]} N6h5 {[%clk 0:01:35]} 26. Nxh5
{[%clk 0:00:20]} Bxh5 {[%clk 0:01:35]} 27. g4 {[%clk 0:00:22]} Bg6
{[%clk 0:01:36]} 28. Ng3 {[%clk 0:00:22]} h6 {[%clk 0:01:30]} 29. h5
{[%clk 0:00:16]} Bh7 {[%clk 0:01:31]} 30. Rxd8 {[%clk 0:00:11]} Rxd8
{[%clk 0:01:32]} 31. Rd1 {[%clk 0:00:13]} Rxd1 {[%clk 0:01:27]} 32. Qxd1
{[%clk 0:00:13]} Be7 {[%clk 0:01:28]} 33. a6 {[%clk 0:00:10]} Qc8
{[%clk 0:00:53]} 34. Bxa7 {[%clk 0:00:07]} Qxa6 {[%clk 0:00:52]} 35. Qd7
{[%clk 0:00:09]} Bh4 {[%clk 0:00:40]} 36. Qxf7 {[%clk 0:00:09]} Qa1
{[%clk 0:00:32]} 37. Nf5 {[%clk 0:00:06]} Bxf5 {[%clk 0:00:31]} 38. Qf8+
{[%clk 0:00:07]} Kh7 {[%clk 0:00:32]} 39. Qxf5+ {[%clk 0:00:08]} Kh8
{[%clk 0:00:33]} 40. Qf8+ {[%clk 0:00:08]} Kh7 {[%clk 0:00:35]} 41. Qf5+ Kh8 42.
Qf8+ Kh7 43. Qf5+ {[%clk 0:00:12]} Kh8 {[%clk 0:00:39]} 44. Qf8+ {[%clk 0:00:05]}
1/2-1/2

[Event "Blitz 2018"]
[Site "Saint-Petersburg"]
[Date "2018.12.30"]
[Round "18"]
[Board "64"]
[White "Danielyan Vahe (ARM)"]
[Black "Sakaev Konstantin (RUS)"]
[Result "0-1"]
[LiveChessVersion "1.4.8"]
[BlackElo "2551"]
[WhiteElo "2417"]

1. e4 {[%clk 0:03:03]} c5 {[%clk 0:03:03]} 2. Nc3 {[%clk 0:03:04]} d6
{[%clk 0:02:59]} 3. d4 {[%clk 0:03:05]} cxd4 {[%clk 0:03:00]} 4. Qxd4
{[%clk 0:03:06]} Nc6 {[%clk 0:02:56]} 5. Qd2 {[%clk 0:03:07]} g6 {[%clk 0:02:54]}
6. b3 {[%clk 0:03:09]} Bg7 {[%clk 0:02:50]} 7. Bb2 {[%clk 0:03:10]} Nf6
{[%clk 0:02:51]} 8. O-O-O {[%clk 0:03:08]} O-O {[%clk 0:02:49]} 9. Kb1
{[%clk 0:03:09]} a5 {[%clk 0:02:41]} 10. a4 {[%clk 0:03:10]} Nb4 {[%clk 0:02:33]}
11. f3 {[%clk 0:03:10]} Be6 {[%clk 0:02:23]} 12. g4 {[%clk 0:03:09]} Rc8
{[%clk 0:02:22]} 13. Nge2 {[%clk 0:03:03]} Nd7 {[%clk 0:02:16]} 14. Nf4
{[%clk 0:02:38]} Nc5 {[%clk 0:02:01]} 15. Nxe6 {[%clk 0:02:31]} Nxe6
{[%clk 0:01:53]} 16. h4 {[%clk 0:02:30]} Nd4 {[%clk 0:01:37]} 17. Bc4
{[%clk 0:02:11]} Nxf3 {[%clk 0:01:34]} 18. Qe3 {[%clk 0:01:33]} Ne5
{[%clk 0:01:32]} 19. Be2 {[%clk 0:01:34]} Qc7 {[%clk 0:01:21]} 20. h5
{[%clk 0:01:33]} Qc5 {[%clk 0:00:51]} 21. Qd2 {[%clk 0:01:17]} Nf3
{[%clk 0:00:46]} 22. Bxf3 {[%clk 0:01:04]} Bxc3 23. hxg6 {[%clk 0:00:12]} fxg6
{[%clk 0:00:46]} 24. Qe3 {[%clk 0:00:12]} Rf7 {[%clk 0:00:46]} 25. Be2
{[%clk 0:00:10]} Bxb2 26. Bc4 e6 {[%clk 0:00:26]} 27. Kxb2 {[%clk 0:00:11]} d5
{[%clk 0:00:26]} 28. exd5 {[%clk 0:00:10]} exd5 {[%clk 0:00:28]} 29. Rxd5
{[%clk 0:00:08]} Nxd5 {[%clk 0:00:28]} 30. Rd1 {[%clk 0:00:07]} 0-1

[Event "Blitz 2018"]
[Site "Saint-Petersburg"]
[Date "2018.12.30"]
[Round "18"]
[Board "65"]
[White "Huzman Alexander (ISR)"]
[Black "Belozerov Andrei (RUS)"]
[Result "1-0"]
[LiveChessVersion "1.4.8"]
[BlackElo "2518"]
[WhiteElo "2543"]

1. d4 {[%clk 0:03:02]} d5 {[%clk 0:03:02]} 2. c4 {[%clk 0:03:02]} c6
{[%clk 0:03:02]} 3. Nf3 {[%clk 0:03:01]} Nf6 4. e3 Bg4 {[%clk 0:03:05]} 5. h3
{[%clk 0:03:00]} Bxf3 {[%clk 0:03:06]} 6. Qxf3 {[%clk 0:03:01]} e6
{[%clk 0:03:05]} 7. Bd3 {[%clk 0:03:02]} Nbd7 {[%clk 0:02:59]} 8. O-O
{[%clk 0:03:01]} Bb4 {[%clk 0:02:19]} 9. a3 {[%clk 0:02:28]} Ba5 10. b4 Bc7 11.
Bb2 O-O {[%clk 0:02:17]} 12. Qe2 {[%clk 0:02:31]} e5 {[%clk 0:02:10]} 13. cxd5
{[%clk 0:02:08]} e4 {[%clk 0:02:05]} 14. Bc4 {[%clk 0:02:09]} Nxd5
{[%clk 0:01:55]} 15. b5 {[%clk 0:01:54]} N7b6 {[%clk 0:01:46]} 16. Nd2
{[%clk 0:01:23]} Nxc4 {[%clk 0:01:29]} 17. Nxc4 {[%clk 0:01:22]} cxb5
{[%clk 0:01:28]} 18. Ne5 {[%clk 0:01:23]} f6 {[%clk 0:01:21]} 19. Qxb5
{[%clk 0:01:15]} fxe5 {[%clk 0:01:18]} 20. dxe5 {[%clk 0:01:16]} Nb6
{[%clk 0:01:03]} 21. Rfd1 {[%clk 0:01:10]} Qe8 {[%clk 0:01:02]} 22. Qc5
{[%clk 0:01:07]} Rc8 {[%clk 0:00:57]} 23. Qd4 {[%clk 0:01:09]} Qe6
{[%clk 0:00:49]} 24. Qxe4 {[%clk 0:01:09]} Nc4 {[%clk 0:00:48]} 25. Bd4
{[%clk 0:01:09]} b5 {[%clk 0:00:45]} 26. f4 {[%clk 0:01:10]} Bb6 {[%clk 0:00:40]}
27. Kh2 {[%clk 0:01:06]} Rcd8 {[%clk 0:00:37]} 28. a4 {[%clk 0:01:05]} Bxd4
{[%clk 0:00:27]} 29. exd4 {[%clk 0:01:03]} a6 {[%clk 0:00:24]} 30. d5
{[%clk 0:01:02]} Qf7 {[%clk 0:00:25]} 31. g3 {[%clk 0:00:58]} Nb2
{[%clk 0:00:16]} 32. Rdc1 {[%clk 0:00:59]} Nxa4 {[%clk 0:00:17]} 33. d6
{[%clk 0:01:00]} Rfe8 {[%clk 0:00:18]} 34. Rc7 {[%clk 0:00:57]} Qe6
{[%clk 0:00:17]} 35. Qd4 {[%clk 0:00:54]} h5 {[%clk 0:00:15]} 36. Rac1
{[%clk 0:00:53]} h4 {[%clk 0:00:13]} 37. gxh4 {[%clk 0:00:53]} Rf8
{[%clk 0:00:13]} 38. Rg1 {[%clk 0:00:54]} Rf7 {[%clk 0:00:13]} 39. f5
{[%clk 0:00:50]} Rxf5 {[%clk 0:00:06]} 40. Rgxg7+ {[%clk 0:00:49]} Kf8
{[%clk 0:00:07]} 41. Rce7 {[%clk 0:00:47]} Qa2+ {[%clk 0:00:06]} 42. Rg2
{[%clk 0:00:48]} Qc4 {[%clk 0:00:06]} 43. Qxc4 {[%clk 0:00:41]} bxc4
{[%clk 0:00:07]} 44. Rh7 {[%clk 0:00:43]} Rxe5 {[%clk 0:00:05]} 45. Rh8+
{[%clk 0:00:43]} Kf7 {[%clk 0:00:07]} 46. Rxd8 Rd5 47. Rc8 {[%clk 0:00:44]} Rxd6
{[%clk 0:00:07]} 48. Rxc4 {[%clk 0:00:45]} Nb6 {[%clk 0:00:09]} 49. Re4
{[%clk 0:00:45]} a5 {[%clk 0:00:09]} 50. Rf2+ {[%clk 0:00:46]} Kg7
{[%clk 0:00:10]} 51. Rg4+ Kh7 52. Rf5 {[%clk 0:00:48]} Kh6 {[%clk 0:00:11]} 53.
Rxa5 {[%clk 0:00:49]} Rd2+ {[%clk 0:00:12]} 54. Rg2 {[%clk 0:00:50]} Rxg2+
{[%clk 0:00:13]} 55. Kxg2 {[%clk 0:00:51]} Nc4 {[%clk 0:00:15]} 56. Ra6+
{[%clk 0:00:49]} Kh5 {[%clk 0:00:16]} 57. Kg3 {[%clk 0:00:50]} Nd2
{[%clk 0:00:14]} 58. Ra5+ {[%clk 0:00:50]} Kh6 {[%clk 0:00:15]} 59. h5
{[%clk 0:00:51]} Ne4+ {[%clk 0:00:15]} 60. Kh4 {[%clk 0:00:52]} Nd2
{[%clk 0:00:15]} 61. Ra6+ {[%clk 0:00:53]} Kh7 {[%clk 0:00:16]} 62. h6
{[%clk 0:00:52]} Ne4 {[%clk 0:00:17]} 63. Kh5 {[%clk 0:00:52]} Ng3+
{[%clk 0:00:18]} 64. Kg4 {[%clk 0:00:53]} Ne4 {[%clk 0:00:20]} 65. Re6
{[%clk 0:00:50]} Nc5 {[%clk 0:00:20]} 66. Rc6 {[%clk 0:00:43]} Ne4
{[%clk 0:00:21]} 67. Kf4 {[%clk 0:00:44]} Nf2 {[%clk 0:00:22]} 68. h4
{[%clk 0:00:42]} Nd3+ {[%clk 0:00:23]} 69. Kg5 {[%clk 0:00:43]} Ne5
{[%clk 0:00:23]} 70. Rc7+ {[%clk 0:00:44]} Kh8 {[%clk 0:00:25]} 71. Kf5
{[%clk 0:00:44]} Nf3 {[%clk 0:00:26]} 72. h5 {[%clk 0:00:43]} Nh4+
{[%clk 0:00:26]} 73. Kf6 {[%clk 0:00:43]} Kg8 {[%clk 0:00:27]} 74. Rc4
{[%clk 0:00:39]} Nf3 {[%clk 0:00:27]} 75. Rf4 {[%clk 0:00:39]} Ne1
{[%clk 0:00:19]} 76. Kg6 {[%clk 0:00:40]} 1-0

[Event "Blitz 2018"]
[Site "Saint-Petersburg"]
[Date "2018.12.30"]
[Round "18"]
[Board "66"]
[White "Maslak Konstantin (RUS)"]
[Black "Bilguun Sumiya (MGL)"]
[Result "1-0"]
[LiveChessVersion "1.4.8"]
[BlackElo "2469"]
[WhiteElo "2537"]

1. e4 {[%clk 0:03:02]} c5 {[%clk 0:03:04]} 2. Nf3 {[%clk 0:03:03]} e6
{[%clk 0:03:05]} 3. b3 {[%clk 0:03:04]} b6 {[%clk 0:03:05]} 4. Bb2
{[%clk 0:02:59]} Bb7 {[%clk 0:03:07]} 5. e5 {[%clk 0:03:00]} Ne7 {[%clk 0:03:03]}
6. Qe2 {[%clk 0:02:41]} Ng6 {[%clk 0:03:03]} 7. g3 {[%clk 0:02:42]} Bxf3
{[%clk 0:02:47]} 8. Qxf3 {[%clk 0:02:42]} Nc6 {[%clk 0:02:49]} 9. Qe4
{[%clk 0:02:33]} Rc8 {[%clk 0:02:44]} 10. Bg2 {[%clk 0:02:14]} Be7
{[%clk 0:02:46]} 11. Na3 {[%clk 0:01:54]} f5 {[%clk 0:02:46]} 12. Qe3
{[%clk 0:01:27]} O-O {[%clk 0:02:36]} 13. f4 {[%clk 0:01:28]} a6 {[%clk 0:02:08]}
14. h4 {[%clk 0:01:20]} Re8 {[%clk 0:01:50]} 15. h5 {[%clk 0:01:21]} Nf8
{[%clk 0:01:51]} 16. h6 {[%clk 0:01:21]} g5 {[%clk 0:01:48]} 17. Nc4
{[%clk 0:01:10]} Ng6 {[%clk 0:01:44]} 18. O-O-O {[%clk 0:01:03]} g4
{[%clk 0:01:36]} 19. Kb1 {[%clk 0:00:56]} b5 {[%clk 0:01:27]} 20. Nd6
{[%clk 0:00:57]} Bxd6 {[%clk 0:01:11]} 21. exd6 {[%clk 0:00:58]} a5
{[%clk 0:01:07]} 22. Qxc5 {[%clk 0:00:48]} Nb4 {[%clk 0:00:43]} 23. Qd4
{[%clk 0:00:48]} e5 {[%clk 0:00:44]} 24. fxe5 {[%clk 0:00:39]} Nxc2
{[%clk 0:00:44]} 25. Bd5+ {[%clk 0:00:36]} Kf8 {[%clk 0:00:42]} 26. Qf2
{[%clk 0:00:30]} Qg5 {[%clk 0:00:40]} 27. e6 {[%clk 0:00:17]} dxe6
{[%clk 0:00:27]} 28. d7 {[%clk 0:00:18]} exd5 {[%clk 0:00:24]} 29. dxe8=Q+
{[%clk 0:00:18]} Kxe8 {[%clk 0:00:25]} 30. Qe2+ {[%clk 0:00:13]} Kf8
{[%clk 0:00:23]} 31. Rc1 {[%clk 0:00:11]} Re8 {[%clk 0:00:23]} 32. Qxb5
{[%clk 0:00:07]} Nb4 {[%clk 0:00:25]} 33. Qxa5 {[%clk 0:00:05]} Qxd2
{[%clk 0:00:22]} 34. Rhd1 {[%clk 0:00:06]} Qg2 {[%clk 0:00:14]} 35. Qxb4+ Kg8
{[%clk 0:00:16]} 36. Qd4 {[%clk 0:00:07]} Qe4+ {[%clk 0:00:17]} 37. Qxe4
{[%clk 0:00:06]} dxe4 {[%clk 0:00:18]} 38. Rd7 {[%clk 0:00:07]} Ne5
{[%clk 0:00:16]} 39. Bxe5 {[%clk 0:00:07]} 1-0

[Event "Blitz 2018"]
[Site "Saint-Petersburg"]
[Date "2018.12.30"]
[Round "18"]
[Board "67"]
[White "Zvjaginsev Vadim (RUS)"]
[Black "Makarov Marat (RUS)"]
[Result "1-0"]
[LiveChessVersion "1.4.8"]
[BlackElo "2505"]
[WhiteElo "2649"]

1. e4 {[%clk 0:03:03]} c5 {[%clk 0:03:02]} 2. Nf3 {[%clk 0:03:04]} d6
{[%clk 0:03:03]} 3. Bd3 {[%clk 0:03:04]} Nc6 {[%clk 0:03:01]} 4. O-O
{[%clk 0:03:04]} Bg4 {[%clk 0:02:54]} 5. h3 {[%clk 0:03:00]} Bxf3
{[%clk 0:02:55]} 6. Qxf3 {[%clk 0:03:00]} Nf6 {[%clk 0:02:56]} 7. Bb5
{[%clk 0:02:57]} Rc8 {[%clk 0:02:50]} 8. c3 {[%clk 0:02:54]} a6 {[%clk 0:02:43]}
9. Be2 {[%clk 0:02:50]} g6 {[%clk 0:02:43]} 10. Rd1 {[%clk 0:02:50]} Bg7
{[%clk 0:02:39]} 11. Na3 {[%clk 0:02:50]} O-O {[%clk 0:02:39]} 12. Nc2
{[%clk 0:02:45]} d5 {[%clk 0:02:36]} 13. d3 {[%clk 0:02:28]} d4 {[%clk 0:02:29]}
14. Bd2 {[%clk 0:02:25]} Nd7 {[%clk 0:02:26]} 15. c4 {[%clk 0:02:19]} b5
{[%clk 0:01:45]} 16. b3 {[%clk 0:02:10]} bxc4 {[%clk 0:01:45]} 17. bxc4
{[%clk 0:02:10]} Rb8 {[%clk 0:01:46]} 18. Rdb1 {[%clk 0:01:55]} Qc7
{[%clk 0:01:31]} 19. Bf1 {[%clk 0:01:54]} Rxb1 {[%clk 0:01:31]} 20. Rxb1
{[%clk 0:01:55]} Rb8 {[%clk 0:01:32]} 21. Qd1 {[%clk 0:01:55]} Rb7
{[%clk 0:00:53]} 22. Rb3 {[%clk 0:01:53]} Rxb3 {[%clk 0:00:52]} 23. axb3 a5 24.
Qa1 {[%clk 0:01:52]} Nb4 {[%clk 0:00:55]} 25. Ne1 {[%clk 0:01:45]} Nb8
{[%clk 0:00:53]} 26. Qa4 {[%clk 0:01:42]} N8c6 {[%clk 0:00:54]} 27. Qb5
{[%clk 0:01:38]} Qd6 {[%clk 0:00:56]} 28. Qb6 {[%clk 0:01:30]} h5
{[%clk 0:00:57]} 29. h4 {[%clk 0:01:23]} Kh7 {[%clk 0:00:49]} 30. g3
{[%clk 0:01:24]} Bh6 {[%clk 0:00:50]} 31. f4 {[%clk 0:01:23]} e5 {[%clk 0:00:50]}
32. Ng2 {[%clk 0:01:15]} Nc2 {[%clk 0:00:52]} 33. fxe5 {[%clk 0:01:08]} Qxe5
{[%clk 0:00:36]} 34. Bxh6 {[%clk 0:01:07]} Kxh6 {[%clk 0:00:37]} 35. Qxc6
{[%clk 0:01:07]} Qxg3 {[%clk 0:00:38]} 36. Qxc5 {[%clk 0:01:01]} Kg7
{[%clk 0:00:16]} 37. Qxa5 {[%clk 0:00:53]} Ne1 {[%clk 0:00:15]} 38. Qxe1
{[%clk 0:00:53]} 1-0